Statistics for The Outsiders Characters

Click here to take the quiz!

General Stats

  • This quiz has been taken 121 times
  • The average score is 10 of 12

Answer Stats

HintName% Correct
GreaserJohnny Cade
99%
GreaserSodapop Curtis
99%
GreaserPonyboy Curtis
99%
GreaserDarrel "Darry" Curtis
97%
GreaserDallas "Dally" Winston
97%
GreaserKeith "Two-Bit" Matthews
96%
GreaserSteve Randle
95%
SocsSherri "Cherry" Valance
94%
SocRobert "Bob" Sheldon
93%
SocRandy Adderson
85%
SocMarcia
78%
SocDavid
17%

Score Distribution

Percentile by Number Answered

Percent of People with Each Score

Your Score History

You have not taken this quiz